000 00450nam a2200181Ia 4500
005 20250507125817.0
008 008 250505s9999 xx 000 0 kor d
020 _a8809309178524
037 _aAudio
040 _aEASL
_beng
_cEASL
041 _akor
_2eng
084 _aCD00337-338
_qEASL
245 0 _aTake FT Island = K-pop
490 _vV. 2
650 _aKorean
942 _cAUD
_hCD00337-338
999 _c1313337
_d1313337